| 000 | 01079naa a22002897a 4500 | ||
|---|---|---|---|
| 001 | BR6300035 | ||
| 003 | BR-BrBNA | ||
| 005 | 20240918173249.0 | ||
| 007 | ta | ||
| 008 | 230509b bl.||||| |||| 00| 0 por d | ||
| 040 |
_aBR-BrBNA _bpor _cBiblioteca Nacional de Agricultura |
||
| 041 | _a(Pt) | ||
| 072 |
_aF23; F25; F26 _b/G514 |
||
| 090 | _aF23 BR6300035 | ||
| 100 | 1 | _aGrawford, W.L. | |
| 245 | 1 | _aRelatorio geral sobre o planalto central do Brasil [Classificacao do solo; Fertilidade do solo; Recurso do solo] | |
| 260 | 3 |
_aRio de Janeiro, GB (Brasil): _c1963. |
|
| 500 | _aReconhecimento do potencial agricola do Planalto Central do Brasil Rio de Janeiro, GB (Brasil): 1963. p. 1-36 (BR6300035-AM)F23 | ||
| 650 | _aClassificacao do solo | ||
| 650 | _aFertilidade do solo | ||
| 650 | _aRecurso do solo | ||
| 650 | _aSolo | ||
| 650 | _aPlanalto Central | ||
| 773 | 0 |
_tReconhecimento do potencial agricola do Planalto Central do Brasil _wF23 BR6300035 _gRio de Janeiro, GB (Brasil), 1963. p. 1-36 |
|
| 909 |
_a202404 _bLucia _c55 _dLucia Elande |
||
| 942 |
_cAM _2AGRIS |
||
| 999 |
_c303649 _d303649 |
||